=LDR 00000nam 2200000 4500 =001 INLIS000000000011000 =005 20130612102616 =008 ***********************************Ind** =035 ##$$0010-061300000011000 =041 ##$$a Ind =082 ##$$a 664.804 573 =090 ##$$a 664.804 573, san-p =100 ##$$a Santoso, Hieronymus Budi =245 ##$$a Pengupas Biji Mete, Hieronymus Budi Santoso =260 ##$$a 1994 $b Yogyakarta =300 ##$$a 46hlm., ilus, 21 cm =650 ##$$a Biji Mete, Teknologi =850 ##$$a NBPNMAT